=LDR 00000nam 2200000 4500 =001 INLIS000000000810386 =005 20251204092553 =035 ##$$a 0010-1225000024 =007 ta =008 251204###########################0###### =082 ##$$a 378.166 =084 ##$$a 378.166 SYA b =245 ##$$a Sukses Tahdid Mustawa UIM : $b Bedah bank soal persiapan tahdid mustawa UIM sesuai kisi kisi soal tahdid mustawa terbaru /$c Syahrullah,Lc | Rahmad Sukadil,Lc =250 ##$$a Cet. 1 =260 ##$$a Pasar Minggu :$b Griya Edukasi Indonesia ( ITAF PRESS ),$c 2023 =300 ##$$a 230 hlm ; $c 29 cm =520 ##$$a Persiapan ujian masuk perguruan tinggi